|
|
|
|
| LEADER |
00640nab a2200181 i 4500 |
| 001 |
acta52068 |
| 005 |
20250404081037.0 |
| 008 |
180516s1940 hu o 000 hun d |
| 040 |
|
|
|a SZTE Egyetemi Kiadványok Repozitórium
|b hun
|
| 041 |
|
|
|a hun
|
| 245 |
0 |
0 |
|a Természettan
|h [elektronikus dokumentum] :
|b VIII. osztály
|
| 260 |
|
|
|c 1940
|
| 300 |
|
|
|a 920-922
|
| 490 |
0 |
|
|a Gyakorlati pedagógia
|
| 650 |
|
4 |
|a Társadalomtudományok
|
| 650 |
|
4 |
|a Oktatástudomány
|
| 695 |
|
|
|a Természettudomány, Gőzgépek, Pedagógia - gyakorlati, Óravázlat
|
| 856 |
4 |
0 |
|u http://acta.bibl.u-szeged.hu/52068/1/gyakorlati_1940_011_012_920-922.pdf
|z Dokumentum-elérés
|